00556nam a2200169Ia 4500008004000000082001300040100003300053245003800086250000500124260004500129300001400174650002400188690002400212906001100236999001700247952012200264210210b1974 xxu||||| |||| 00| 0 eng d a546 GEHM aGEHANI (H D) & PAREKH (S M). aModern inorganic chemistry. Ed 7. a aBombaybThe Educational Publishingc1974 ax,1031,72 aInorganic Chemistry aInorganic Chemistry a031606 c82539d82539 001040708ChemistryaALbALcChemistryd2021-02-17g32.50l0o546 GEHMp031606r2021-02-17 00:00:00w2021-02-17yBK